Villes de Suisse romande - Mort subite - Statistiques

Statistiques générales
  • Ce quiz a été pris 9 220 fois
    8 952 depuis la dernière actualisation
  • Le résultat moyen est 7 sur 20
Answers on the Grid
Answers color-coded by a green-red scale on the quiz's grid according to % correct below.
Genève
Neuchâtel
Yverdon-les-Bains
Sion
Pregny-Chambésy
Nyon
Montreux
Fribourg
La Chaux-de-Fonds
Vevey
Carouge
Martigny
Lausanne
Aigle
Morges
Bulle
Delémont
Gruyères
Monthey
Lancy
Ferney-Voltaire
Davos
Annemasse
Zermatt
Berne
Zurich
Lucerne
Bâle
Thoune
Saint-Gall
Winterthur
Coire
Bienne
Liestal
Thonon-les-Bains
Évian-les-Bains
 
Statistiques - réponses
Réponse % Correct
Genève
56%
Lausanne
54%
Neuchâtel
48%
Montreux
47%
Nyon
40%
Sion
38%
Vevey
36%
Yverdon-les-Bains
35%
Fribourg
33%
La Chaux-de-Fonds
33%
Gruyères
32%
Martigny
32%
Aigle
30%
Morges
30%
Bulle
28%
Delémont
27%
Carouge
26%
Monthey
24%
Lancy
20%
Pregny-Chambésy
13%
Aucun quiz correspondant
Distribution des résultats
% des personnes avec chaque résultat
Percentile par nombre de réponses
Votre historique - résultats
Vous n’avez pas pris ce quiz depuis la dernière actualisation